Moderní analýza biologických dat /
Publikace navazuje na první díl Moderní analýzy biologických dat a představuje vybrané modely a metody statistické analýzy korelovaných dat. Tedy lineární metody, které jsou vhodným nástrojem analýzy dat s časovými, prostorovými a fylogenetickými závislostmi v datech. Text knihy je praktickou příruč...
Uloženo v:
| Hlavní autor: | |
|---|---|
| Médium: | E-kniha |
| Jazyk: | Czech |
| Vydáno: |
Praha :
Masarykova univerzita,
2014
|
| Tagy: |
Žádné tagy |
| LEADER | 02050nam a22002297i 4500 | ||
|---|---|---|---|
| 001 | 311172 | ||
| 007 | ta | ||
| 008 | 260601s2014 xr ||||| |||| 00| 0 cze d | ||
| 020 | |a 9788021058125 | ||
| 044 | |a xr | ||
| 100 | 1 | |a Brabec, Marek |4 aut | |
| 245 | 1 | 0 | |a Moderní analýza biologických dat / |c Brabec, Marek |
| 264 | 1 | |a Praha : |b Masarykova univerzita, |c 2014 | |
| 300 | |a 1 online zdroj (262 stran) | ||
| 336 | |a text |b txt |2 rdacontent | ||
| 337 | |a bez média |b n |2 rdamedia | ||
| 338 | |a online zdroj |b cr |2 rdacarrier | ||
| 520 | 2 | |a Publikace navazuje na první díl Moderní analýzy biologických dat a představuje vybrané modely a metody statistické analýzy korelovaných dat. Tedy lineární metody, které jsou vhodným nástrojem analýzy dat s časovými, prostorovými a fylogenetickými závislostmi v datech. Text knihy je praktickou příručkou analýzy dat v prostředí jednoho z nejrozsáhlejších statistických nástrojů na světě, volně dostupného softwaru R. Je sestaven z 19 vzorově vyřešených a okomentovaných příkladů, které byly vybrány tak, aby ukázaly správnou konstrukci modelu a upozornily na problémy a chyby, které se mohou v průběhu analýzy dat vyskytnout. Text je psán jednoduchým jazykem srozumitelným pro čtenáře bez speciálního matematického vzdělání. Kniha je především určena studentům i vědeckým pracovníkům biologických, zemědělských, veterinárních, lékařských a farmaceutických oborů, kteří potřebují korektně analyzovat výsledky svých pozorování či experimentů s komplikovanější strukturou danou závislostmi mezi opakovanými měřeními stejných subjektů. | |
| 910 | |a RBIT002 | ||
| 998 | |d 205839 |a https://core.palmknihy.cz/api/books/205839/cover?q98dn8 |b https://core.palmknihy.cz/api/books/205839/cover/400?q98dn8 |c https://core.palmknihy.cz/api/books/205839/cover/50?q98dn8 |e |g 262 |i 9788021058125 |k https://core.palmknihy.cz/api/books/205839/preview.pdf |l |q 49 |r 1 |s https://www.palmknihy.cz/kniha/205839 |t ebook |y 2014 |z 1 | ||
| 999 | |d 311170 | ||